Canadian Prime Ministers - First Names Quiz Stats

 Plays Quiz Updated Mar 9, 2020

Support Sporcle.
Go Orange.
Score 0/23 Timer 03:00
3 Plays Today
Prime Minister First Name % Correct
MacdonaldJohn
93.3%
DiefenbakerJohn
92.4%
AbbottJohn
91.5%
TurnerJohn
91.2%
ThompsonJohn
90.2%
TrudeauJustin
88.5%
TrudeauPierre
84.3%
Chr├ętienJean
82.9%
HarperStephen
82.4%
Mackenzie KingWilliam
77.9%
MulroneyBrian
75.4%
ClarkJoe
73.4%
Prime Minister First Name % Correct
MartinPaul
70.8%
PearsonLester (Mike to his friends)
63.4%
CampbellKim
62.3%
BordenRobert
57%
TupperCharles
51.7%
MackenzieAlexander
48%
St-LaurentLouis
45.5%
LaurierWilfrid
45.1%
MeighenArthur
40.5%
BennettRichard (R.B.)
36%
BowellMackenzie
25.1%

From the Vault

Harry of Potter

by brocko

This quiz should earn you the Order of Merlin, First Class.
Remove Ads.
Support Sporcle.
Get the best of Sporcle when you Go Orange. This ad-free experience offers more features, more stats, and more fun while also helping to support Sporcle. Thank you for becoming a member.

Show Comments

Extras

Top Quizzes Today


Score Distribution

Your Account Isn't Verified!

In order to create a playlist on Sporcle, you need to verify the email address you used during registration. Go to your Sporcle Settings to finish the process.

Report this User

Report this user for behavior that violates our Community Guidelines.

Details: